| 000 | 01106nam a2200349 a 4500 | ||
|---|---|---|---|
| 001 | vtls001395295 | ||
| 003 | NLI | ||
| 005 | 20210627112950.0 | ||
| 008 | 121121s2010 enka e 001 0 eng d | ||
| 020 |
_a9781412946650 _c£71.00 |
||
| 039 | 9 |
_y201211212114 _zkrishanuc |
|
| 040 |
_aNLI _beng |
||
| 041 | 0 | _aeng | |
| 044 | _aenk | ||
| 082 | 0 | 4 |
_a339.47 _222 |
| 100 | 1 |
_aMiles, Steven _9975450 |
|
| 245 | 1 | 0 |
_aSpaces for consumption : _bpleasure and placelessness in the post-industrial city/ _cSteven Miles |
| 260 |
_aLondon : _bSAGE, _c2010 |
||
| 300 |
_a[5], 209p. : _bill., _c24cm. |
||
| 504 | _aIncludes bibliographical references and index | ||
| 650 | 0 |
_aConsumption (Economics) _9733615 |
|
| 650 | 0 | _aCities and towns | |
| 887 | _akrishanu krishanu | ||
| 901 |
_a568473 : _b13.09.12 |
||
| 902 | _aE 339.47 M 597 | ||
| 904 | _akrishanu | ||
| 905 | _akrishanu | ||
| 949 |
_AVIRTUAITEM _D10000 _X100 _6PUR000568473ENG |
||
| 942 |
_2ddc _cBKS |
||
| 999 |
_aVIRTUA _c856201 _d856201 |
||
| 999 | _aVTLSSORT0080*0200*0400*0410*0440*0820*1000*2450*2600*3000*5040*6500*6501*8520*9010*9020*9040*9050*9992 | ||